• 首页
  • 本馆介绍
  • 公告通知
  • 最新文献
  • 馆藏检索
  • 电子资源
  • 读者导购
  • 参考咨询
  • 我的图书馆
  • 登录
  • 详细信息显示
  • 放入我的书架
  • 预约/预借图书
  • 作者相关作品
  • 分类相关作品
  • 丛书相关作品
  • 出版社相关作品

书目信息

  • 表格格式
  • 工作单格式
  • 卡片格式
题名:
InDesign CS4核心技术与版面设计
    
 
作者: ;北京新知互动广告设计制作公司 编著
分册:  
出版信息: 北京   中国铁道出版社  2009
页数: 324页
开本: 26cm
丛书名:
单 册:
中图分类: TS803.23
科图分类:
主题词: 排版--应用软件--基本知识 , 排版 , 应用软件
电子资源:
ISBN: 978-7-113-09978-7
000 00988nam0 2200277 450
001 100428596931
005 20110111084033.13
010    @a978-7-113-09978-7@dCNY69.00
100    @a20090731d2009 em y0chiy0110 ea
101 0  @achi
102    @aCN@b110000
105    @ay z 000yy
106    @ar
200 1  @aInDesign CS4核心技术与版面设计@AInDesign CS4 he xin ji shu yu ban mian she ji@f新知互动编著
210    @a北京@c中国铁道出版社@d2009
215    @a324页@d26cm@e1光盘
300    @a重点突围
330    @a本书共分为8章,前4章重点讲解了InDesign CS4软件与版式设计的核心技术。后4章精选了24个综合实例,囊括了日常的宣传手册、广告、图书、杂志等方面的应用。
606 0  @a排版@x应用软件@x基本知识
606 0  @a排版
606 0  @a应用软件
610 0  @aInDesign
690    @aTS803.23@v4
711 02 @a北京新知互动广告设计制作公司@Abei jing xin zhi hu dong guang gao she ji zhi zuo gong si@4编著
801  0 @aCN@bSYL@c20110111
905    @b205972134-161@h597213-16@dTS803.23@e54@f4
    
    InDesign CS4核心技术与版面设计/新知互动编著.-北京:中国铁道出版社,2009
    324页;26cm+1光盘
    重点突围
    
    ISBN 978-7-113-09978-7:CNY69.00
    本书共分为8章,前4章重点讲解了InDesign CS4软件与版式设计的核心技术。后4章精选了24个综合实例,囊括了日常的宣传手册、广告、图书、杂志等方面的应用。
●
相关链接 在E读中查询图书 在五车中查询图书 在当当中查询图书 在豆瓣中查询图书


正题名:InDesign CS4核心技术与版面设计     索取号:TS803.23/54         预约/预借

序号 登录号 条形码 馆藏地/架位号 状态 备注
1 597213   205972134   第二样本阅览室/ [索取号:TS803.23/54] 在馆    
2 597214   205972143   第三借阅区/ [索取号:TS803.23/54] 在馆    
3 597215   205972152   第三借阅区/ [索取号:TS803.23/54] 在馆    
4 597216   205972161   第三借阅区/ [索取号:TS803.23/54] 在馆    
欢迎您!
大连网信软件有限公司© 版权所有